01204nab a22002057a 4500003000400000005001700004008004100021040000700062100003000069245017400099260007300273300001500346500003600361505030500397505008200702650001800784650002400802650002400826773014800850OSt20251218120435.0190429b xxu||||| |||| 00| 0 spa d cPJ aMartínez, Agustina Lara10aCrisis económica y apropiación indebida de tributos. ¿La inexigibilidad como Caballo de Troya del agente de retención o percepción? /cAgustina Lara Martínez. cCiudad Autónoma de Buenos Aires :aThomson Reuters La Ley, b2025. ap. 107-114 aCita: TR LALEY AR/DOC/723/2025. aSumario: I. Introducción.— II. Los delitos de omisión propia en la dogmática penal. Un lacónico análisis del tipo penal de apropiación indebida de tributos.— III. La solución exculpante: ¿afirmación de un injusto penal inexigible?— IV. Breves reflexiones.— V. Bibliografía. tSi te interesa el texto completo, solicitalo a koha@justierradelfuego.gov.ar  0aDERECHO PENAL 0aDELITO DE OMISIÓN 0aESTADO DE NECESIDAD0 02658tRevista de derecho penal y criminología. Nº 4 - Mayo 2025dCiudad Autónoma de Buenos Aires : Thomson Reuters La Ley, 2017-x00347914